00375nam a2200085Ia 4500008004100000245011400041260000900155300010500164650002000269180130s9999 xx 000 0 und d cKoehler, MartinaAn adaptive framework for utility-based optimization of scientific applications in the cloud c2016 aBook title: Networking, models and methods of cloud computing--Acession number C20732; pages 103-114 aCLOUD COMPUTING